000
00270nam a2200109Ia 4500
008
231212s2001 xx 000 0 und d
041
_a
eng
082
_a
621.381542
100
_a
Bhattacharyya B. C.
245
_a
Chemical Equipment Design
260
_a
Pune
_b
C.B.S.
_c
2001
999
_c
965485
_d
965485